[Event "Park Hall International"]
[Site "Preston"]
[Date "1989.06.23"]
[Round "6"]
[White "Levitt, Jonathan P"]
[Black "Tisdall, Jonathan D"]
[Result "1/2-1/2"]
[WhiteElo "2495"]
[BlackElo "2460"]
[PlyCount "111"]
[EventDate "1989.06.18"]
[EventType "tourn"]
[EventRounds "9"]
[EventCountry "ENG"]
[EventCategory "10"]
[SourceTitle "BritBase"]
[Source "John Saunders"]
[SourceDate "2025.08.04"]
[SourceVersion "1"]
[SourceVersionDate "2025.08.04"]
[SourceQuality "1"]

1. d4 e6 2. c4 f5 3. g3 Nf6 4. Bg2 d5 5. Nf3 c6 6. O-O Bd6 7. b3 Qe7 8. a4 b6 9. Ba3 Bxa3 10. Nxa3 O-O 11. Qd2 Ne4 12. Qb2 Na6 13. Rac1 Bb7 14. cxd5 exd5 15. Nc2 c5 16. e3 Rac8 17. Ne5 Nc7 18. Ne1 Ne6 19. N1d3 Rc7 20. Nf4 Nxf4 21. exf4 Rfc8 22. Rfd1 cxd4 23. Rxc7 Qxc7 24. Qxd4 Qc3 25. Bxe4 fxe4 26. b4 Qxd4 27. Rxd4 Kf8 28. Kf1 Ke7 29. Ng4 Ke6 30. Ne3 Rc1+ 31. Ke2 Ra1 32. b5 Ra2+ 33. Ke1 g6 34. g4 Kd6 35. h4 Kc5 36. Rd1 Rxa4 37. Rc1+ Kd6 38. g5 d4 39. Ng4 e3 40. Nf6 exf2+ 41. Kxf2 Ra2+ 42. Ke1 Rh2 43. Rc4 Rxh4 44. Rxd4+ Kc5 45. Rd7 Bh1 46. Rxa7 Rxf4 47. Rxh7 Be4 48. Re7 Bf5 49. Re5+ Kd6 50. Rd5+ Ke6 51. Rd2 Rb4 52. Nd5 Rb1+ 53. Kf2 Ke5 54. Nxb6 Rxb5 55. Nc4+ Kf4 56. Nd6 1/2-1/2

[Event "Park Hall International"]
[Site "Preston"]
[Date "1989.06.23"]
[Round "6"]
[White "Sokolov, Ivan"]
[Black "Wolff, Patrick G"]
[Result "1/2-1/2"]
[WhiteElo "2580"]
[BlackElo "2485"]
[PlyCount "70"]
[EventDate "1989.06.18"]
[EventType "tourn"]
[EventRounds "9"]
[EventCountry "ENG"]
[EventCategory "10"]
[SourceTitle "BritBase"]
[Source "John Saunders"]
[SourceDate "2025.08.04"]
[SourceVersion "1"]
[SourceVersionDate "2025.08.04"]
[SourceQuality "1"]

1. Nf3 g6 2. c4 Bg7 3. Nc3 c5 4. g3 Nc6 5. Bg2 e6 6. d3 d5 7. Bg5 Nge7 8. O-O O-O 9. Qc1 b6 10. cxd5 exd5 11. Nxd5 Qxd5 12. Bxe7 Re8 13. Nd2 Qd7 14. Bg5 Rxe2 15. Ne4 Bb7 16. Nf6+ Bxf6 17. Bxf6 Nd4 18. Bxb7 Qxb7 19. Bxd4 cxd4 20. Qf4 Qd5 21. Rfe1 Rae8 22. Rxe2 Rxe2 23. Qf6 Qc5 24. h4 h5 25. a4 a5 26. Rf1 Re5 27. Kg2 Re6 28. Qf4 Qc6+ 29. Kh2 Qxa4 30. Rc1 Kg7 31. Rc4 Qd1 32. Qxd4+ Rf6 33. Qc3 Qf3 34. Rf4 Qc6 35. Qd4 Qd6 1/2-1/2

[Event "Park Hall International"]
[Site "Preston"]
[Date "1989.06.23"]
[Round "6"]
[White "Wilder, Michael"]
[Black "Davies, Nigel Rodney"]
[Result "1/2-1/2"]
[WhiteElo "2540"]
[BlackElo "2485"]
[PlyCount "40"]
[EventDate "1989.06.18"]
[EventType "tourn"]
[EventRounds "9"]
[EventCountry "ENG"]
[EventCategory "10"]
[SourceTitle "BritBase"]
[Source "John Saunders"]
[SourceDate "2025.08.04"]
[SourceVersion "1"]
[SourceVersionDate "2025.08.04"]
[SourceQuality "1"]

1. d4 d6 2. e4 g6 3. Nc3 Bg7 4. Be2 Nf6 5. h4 c5 6. dxc5 Qa5 7. Qd3 O-O 8. h5 Nc6 9. hxg6 fxg6 10. Nh3 d5 11. a3 Qxc5 12. exd5 Bf5 13. Be3 Qa5 14. Qc4 Ne5 15. Qc5 Qxc5 16. Bxc5 Ne4 17. Nxe4 Bxe4 18. O-O Rfc8 19. Bxe7 Rxc2 20. Rfe1 Bxd5 1/2-1/2

[Event "Park Hall International"]
[Site "Preston"]
[Date "1989.06.24"]
[Round "7"]
[White "Adams, Michael"]
[Black "Levitt, Jonathan P"]
[Result "1-0"]
[WhiteElo "2510"]
[BlackElo "2495"]
[PlyCount "83"]
[EventDate "1989.06.18"]
[EventType "tourn"]
[EventRounds "9"]
[EventCountry "ENG"]
[EventCategory "10"]
[SourceTitle "BritBase"]
[Source "John Saunders"]
[SourceDate "2025.08.04"]
[SourceVersion "1"]
[SourceVersionDate "2025.08.04"]
[SourceQuality "1"]

1. e4 e6 2. d4 d5 3. Nd2 c5 4. exd5 Qxd5 5. Ngf3 cxd4 6. Bc4 Qd6 7. O-O Nf6 8. Nb3 Nc6 9. Nbxd4 Nxd4 10. Nxd4 a6 11. Re1 Qc7 12. Qe2 Bc5 13. c3 b5 14. Bd3 Bxd4 15. cxd4 O-O 16. Bg5 Nd5 17. Rac1 Qd6 18. Qh5 f5 19. Qh4 Bb7 20. Re5 h6 21. Bd2 Rf6 22. a3 Rd8 23. Rce1 Nb6 $2 {(Black offered a draw)} (23... Rd7) 24. Rxe6 Qxd4 25. Re8+ Kh7 26. Qxd4 Rxd4 27. Bc3 Rxd3 28. Bxf6 gxf6 29. R8e7+ Kg6 30. Rxb7 Nc4 31. Ra7 a5 32. f4 a4 33. Ra6 Nd2 34. Re2 Ne4 35. g3 Rb3 36. Kg2 Rd3 37. Rb6 Rb3 38. Rc2 Kh5 39. Kh3 Kg6 40. Kh4 h5 41. Kh3 Kh6 42. Rc7 {Source: bulletin; Michael Adams: Development of a Grandmaster by Bill & Michael Adams (Pergamon 1991), p124} 1-0

[Event "Park Hall International"]
[Site "Preston"]
[Date "1989.06.24"]
[Round "7"]
[White "Davies, Nigel Rodney"]
[Black "Suba, Mihai"]
[Result "1-0"]
[WhiteElo "2485"]
[BlackElo "2515"]
[PlyCount "129"]
[EventDate "1989.06.18"]
[EventType "tourn"]
[EventRounds "9"]
[EventCountry "ENG"]
[EventCategory "10"]
[SourceTitle "BritBase"]
[Source "John Saunders"]
[SourceDate "2025.08.04"]
[SourceVersion "1"]
[SourceVersionDate "2025.08.04"]
[SourceQuality "1"]

1. d4 Nf6 2. Nf3 e6 3. g3 c5 4. Bg2 b5 5. c3 Bb7 6. Bg5 Na6 7. O-O Be7 8. Nbd2 h6 9. Bxf6 Bxf6 10. a4 b4 11. cxb4 cxb4 12. Nb3 O-O 13. Qd3 d5 14. Rfc1 Nb8 15. Nc5 Bc6 16. a5 Qd6 17. e4 dxe4 18. Nxe4 Bxe4 19. Qxe4 Nd7 20. Rc6 Qb8 21. Rac1 Bd8 22. Ne5 Nf6 23. Qd3 Bxa5 24. R6c4 Bb6 25. Bxa8 Qxa8 26. Qf3 Nd5 27. Nd7 Rd8 28. Nxb6 axb6 29. Qe4 g6 30. h4 h5 31. Qe1 Kh7 32. Ra1 Qb7 33. Qe4 Qd7 34. Qe5 Kg8 35. Rcc1 Kh7 36. Ra6 Qd6 37. Ra7 Qxe5 38. dxe5 Kg8 39. Rca1 Kg7 40. Ra8 Rxa8 41. Rxa8 g5 42. hxg5 Kg6 43. f4 h4 44. Kf2 hxg3+ 45. Kxg3 Ne3 46. Rg8+ Kh7 47. Rd8 Nc4 48. b3 Na5 49. Rd3 Kg7 50. Kh4 Kg6 51. Kg4 b5 52. f5+ exf5+ 53. Kf4 Nb7 54. Rd6+ Kg7 55. g6 Nc5 56. gxf7 Kxf7 57. Kxf5 Nxb3 58. e6+ Ke8 59. Rb6 Nd2 60. Rxb5 b3 61. Rb8+ Ke7 62. Rb7+ Ke8 63. Kg6 Kf8 64. Rb4 Ke7 65. Kf5 1-0

[Event "Park Hall International"]
[Site "Preston"]
[Date "1989.06.24"]
[Round "7"]
[White "Wolff, Patrick G"]
[Black "Wilder, Michael"]
[Result "1/2-1/2"]
[WhiteElo "2485"]
[BlackElo "2540"]
[PlyCount "121"]
[EventDate "1989.06.18"]
[EventType "tourn"]
[EventRounds "9"]
[EventCountry "ENG"]
[EventCategory "10"]
[SourceTitle "BritBase"]
[Source "John Saunders"]
[SourceDate "2025.08.04"]
[SourceVersion "1"]
[SourceVersionDate "2025.08.04"]
[SourceQuality "1"]

1. e4 c5 2. Nf3 Nc6 3. d4 cxd4 4. Nxd4 Nf6 5. Nc3 e5 6. Ndb5 d6 7. Bg5 a6 8. Na3 b5 9. Nd5 Qa5+ 10. Bd2 Qd8 11. Nxf6+ Qxf6 12. Bd3 d5 13. exd5 Nb4 14. Be4 Qh4 15. Qe2 f5 16. Bf3 e4 17. g3 Qd8 18. O-O Nxd5 19. Bxe4 fxe4 20. Qh5+ g6 21. Qe5+ Ne7 22. Qxh8 Qxd2 23. Rfe1 Bb7 24. Rad1 Qh6 25. Qe5 Qh3 26. Rxe4 Bxe4 27. Qxe4 Rc8 28. c4 Qf5 29. Qb7 bxc4 30. Qxa6 Rc6 31. Qa4 Qc5 32. Rc1 Bh6 33. Rxc4 Qd5 34. Nb5 Kf7 35. Rxc6 Nxc6 36. Nc3 Qe6 37. Ne4 Ne7 38. a3 Qe5 39. Qb4 Bg7 40. b3 Qd4 41. Ng5+ Ke8 42. Qxd4 Bxd4 43. Nxh7 Bb2 44. a4 Nc6 45. Kf1 Ba3 46. Ke2 Nd4+ 47. Kd3 Nxb3 48. Kc4 Nc5 49. a5 Kd8 50. h4 Kc7 51. Kd5 Kb7 52. f4 Nd3 53. Ke6 Bb4 54. f5 gxf5 55. Kxf5 Be1 56. h5 Bxg3 57. h6 Bf4 58. Ng5 Bc1 59. h7 Bb2 60. Ne6 Ka6 61. Nd8 1/2-1/2

[Event "Park Hall International"]
[Site "Preston"]
[Date "1989.06.25"]
[Round "8"]
[White "Levitt, Jonathan P"]
[Black "Davies, Nigel Rodney"]
[Result "1/2-1/2"]
[WhiteElo "2495"]
[BlackElo "2485"]
[PlyCount "26"]
[EventDate "1989.06.18"]
[EventType "tourn"]
[EventRounds "9"]
[EventCountry "ENG"]
[EventCategory "10"]
[SourceTitle "BritBase"]
[Source "John Saunders"]
[SourceDate "2025.08.04"]
[SourceVersion "1"]
[SourceVersionDate "2025.08.04"]
[SourceQuality "1"]

1. d4 Nf6 2. c4 g6 3. Nc3 Bg7 4. e4 d6 5. f3 O-O 6. Be3 c6 7. Bd3 e5 8. Nge2 exd4 9. Nxd4 d5 10. cxd5 cxd5 11. O-O dxe4 12. Nxe4 Nd5 13. Bf2 Nd7 1/2-1/2

[Event "Park Hall International"]
[Site "Preston"]
[Date "1989.06.25"]
[Round "8"]
[White "Suba, Mihai"]
[Black "Wolff, Patrick G"]
[Result "1/2-1/2"]
[WhiteElo "2515"]
[BlackElo "2485"]
[PlyCount "148"]
[EventDate "1989.06.18"]
[EventType "tourn"]
[EventRounds "9"]
[EventCountry "ENG"]
[EventCategory "10"]
[SourceTitle "BritBase"]
[Source "John Saunders"]
[SourceDate "2025.08.04"]
[SourceVersion "1"]
[SourceVersionDate "2025.08.04"]
[SourceQuality "1"]

1. c4 e5 2. g3 Nf6 3. Bg2 d5 4. cxd5 Nxd5 5. Nc3 Nb6 6. Nf3 Nc6 7. O-O Be7 8. a3 O-O 9. b4 Be6 10. Rb1 f6 11. d3 Nd4 12. Bb2 Nxf3+ 13. Bxf3 c6 14. Ne4 Bd5 15. Bc3 Rc8 16. Ba1 Qe8 17. Qc2 Qf7 18. a4 Rfd8 19. Rfc1 f5 20. Nd2 Bg5 21. a5 Bxd2 22. Qxd2 e4 23. Bg2 Nd7 24. dxe4 fxe4 25. Qd4 Rf8 26. Rf1 Rce8 27. Qxa7 c5 28. bxc5 Ra8 29. Rxb7 Rxa7 30. Rxa7 Qe6 31. Bd4 Rb8 32. Ra1 Rb4 33. Be3 Qc6 34. a6 h6 35. Bh3 Nxc5 36. Rc1 Rc4 37. Rb1 Be6 38. Bxe6+ Nxe6 39. Rb6 Qd5 40. Re7 Nd4 41. a7 Nf5 42. Rd7 Nxe3 43. fxe3 Qa5 44. Rb8+ Kh7 45. Rf7 Rc1+ 46. Kg2 Ra1 47. a8=Q Qxa8 48. Rxa8 Rxa8 49. Re7 Ra4 50. g4 Kg6 51. Re6+ Kf7 52. Rd6 Ra2 53. Kf2 Ra7 54. h4 g6 55. Rd4 Re7 56. Kg3 g5 57. h5 Kf6 58. Kf2 Ke5 59. Ra4 Rd7 60. Ke1 Rd8 61. Ra7 Rd6 62. Ra8 Ke6 63. Re8+ Kd5 64. Kd2 Rc6 65. Ra8 Ke5 66. Ra5+ Ke6 67. Ra3 Kd5 68. Ra2 Kd6 69. Kd1 Kd5 70. Rd2+ Ke6 71. Rc2 Kd5 72. Rxc6 Kxc6 73. Kc2 Kb6 74. Kb2 Kc6 1/2-1/2

[Event "Park Hall International"]
[Site "Preston"]
[Date "1989.06.25"]
[Round "8"]
[White "Wilder, Michael"]
[Black "Lund, D Brett"]
[Result "1/2-1/2"]
[WhiteElo "2540"]
[BlackElo "2270"]
[PlyCount "55"]
[EventDate "1989.06.18"]
[EventType "tourn"]
[EventRounds "9"]
[EventCountry "ENG"]
[EventCategory "10"]
[SourceTitle "BritBase"]
[Source "John Saunders"]
[SourceDate "2025.08.04"]
[SourceVersion "1"]
[SourceVersionDate "2025.08.04"]
[SourceQuality "1"]

1. Nf3 f5 2. g3 Nf6 3. Bg2 g6 4. d4 Bg7 5. O-O O-O 6. c4 d6 7. Nc3 Qe8 8. b3 Na6 9. Ba3 c6 10. Qd3 Rb8 11. Rac1 b5 12. Bb2 Nb4 13. Qb1 bxc4 14. bxc4 h6 15. a3 Na6 16. Qc2 e5 17. e3 e4 18. Nd2 Rf7 19. Ba1 Rfb7 20. Rfe1 Nc7 21. f3 exf3 22. Bxf3 Ne6 23. Bg2 Bd7 24. d5 Ng5 25. h4 Nf7 26. e4 Ng4 27. Nf3 Qd8 28. Re2 1/2-1/2

[Event "Park Hall International"]
[Site "Preston"]
[Date "1989.06.26"]
[Round "9"]
[White "Davies, Nigel Rodney"]
[Black "Tisdall, Jonathan D"]
[Result "1/2-1/2"]
[WhiteElo "2485"]
[BlackElo "2460"]
[PlyCount "49"]
[EventDate "1989.06.18"]
[EventType "tourn"]
[EventRounds "9"]
[EventCountry "ENG"]
[EventCategory "10"]
[SourceTitle "BritBase"]
[Source "John Saunders"]
[SourceDate "2025.08.04"]
[SourceVersion "1"]
[SourceVersionDate "2025.08.04"]
[SourceQuality "1"]

1. Nf3 Nf6 2. c4 e6 3. g3 d5 4. Bg2 dxc4 5. Qc2 Nbd7 6. Na3 c5 7. O-O Qc7 8. Nxc4 b5 9. Ne3 Bb7 10. a4 a6 11. axb5 axb5 12. Rxa8+ Bxa8 13. b4 Bd6 14. Ba3 Bxf3 15. Bxf3 c4 16. d3 cxd3 17. Qxd3 Qb6 18. Rd1 Ke7 19. Qc3 Be5 20. Qd2 Rc8 21. Bb2 Bxb2 22. Qxb2 Qc7 23. Ra1 Ne5 24. Bb7 Qc3 25. Qxc3 1/2-1/2

[Event "Park Hall International"]
[Site "Preston"]
[Date "1989.06.26"]
[Round "9"]
[White "Lund, D Brett"]
[Black "Suba, Mihai"]
[Result "0-1"]
[WhiteElo "2270"]
[BlackElo "2515"]
[PlyCount "68"]
[EventDate "1989.06.18"]
[EventType "tourn"]
[EventRounds "9"]
[EventCountry "ENG"]
[EventCategory "10"]
[SourceTitle "BritBase"]
[Source "John Saunders"]
[SourceDate "2025.08.04"]
[SourceVersion "1"]
[SourceVersionDate "2025.08.04"]
[SourceQuality "1"]

1. g3 d5 2. f4 g6 3. Bg2 Bg7 4. Nf3 Nf6 5. O-O O-O 6. Na3 c5 7. c4 Nc6 8. d3 b6 9. Qe1 Bb7 10. e4 dxe4 11. dxe4 e5 12. f5 Qd3 13. Ng5 Rad8 14. fxg6 hxg6 15. Nh3 Qd4+ 16. Kh1 Nb4 17. Nf2 a6 18. Qe2 Nd3 19. Nxd3 Qxd3 20. Qxd3 Rxd3 21. Re1 Rfd8 22. Bg5 R8d4 23. Bxf6 Bxf6 24. Nc2 Rxc4 25. Ne3 Rcd4 26. Nf1 c4 27. Re2 Be7 28. h4 Bc5 29. Kh2 b5 30. Rae1 Rd6 31. g4 Rf6 32. Ne3 Rf4 33. Nd5 Bxd5 34. exd5 Rxg4 0-1

[Event "Park Hall International"]
[Site "Preston"]
[Date "1989.06.26"]
[Round "9"]
[White "Sokolov, Ivan"]
[Black "Wilder, Michael"]
[Result "1/2-1/2"]
[WhiteElo "2580"]
[BlackElo "2540"]
[PlyCount "41"]
[EventDate "1989.06.18"]
[EventType "tourn"]
[EventRounds "9"]
[EventCountry "ENG"]
[EventCategory "10"]
[SourceTitle "BritBase"]
[Source "John Saunders"]
[SourceDate "2025.08.04"]
[SourceVersion "1"]
[SourceVersionDate "2025.08.04"]
[SourceQuality "1"]

1. d4 Nf6 2. c4 c5 3. d5 b5 4. Nf3 b4 5. a3 g6 6. axb4 cxb4 7. Be3 a5 8. g3 Bg7 9. Bg2 O-O 10. O-O Bb7 11. Nbd2 d6 12. Bd4 Nbd7 13. Re1 Qc7 14. e4 Nc5 15. Qc2 e5 16. Bxc5 dxc5 17. Rf1 Bc8 18. Ne1 Bd7 19. b3 Ng4 20. h3 Nh6 21. Nd3 1/2-1/2

[Event "Park Hall International"]
[Site "Preston"]
[Date "1989.06.26"]
[Round "9"]
[White "Wolff, Patrick G"]
[Black "Levitt, Jonathan P"]
[Result "1/2-1/2"]
[WhiteElo "2485"]
[BlackElo "2495"]
[PlyCount "91"]
[EventDate "1989.06.18"]
[EventType "tourn"]
[EventRounds "9"]
[EventCountry "ENG"]
[EventCategory "10"]
[SourceTitle "BritBase"]
[Source "John Saunders"]
[SourceDate "2025.08.04"]
[SourceVersion "1"]
[SourceVersionDate "2025.08.04"]
[SourceQuality "1"]

1. e4 e6 2. d4 d5 3. Nd2 c5 4. Ngf3 cxd4 5. exd5 Qxd5 6. Bc4 Qd8 7. O-O Nf6 8. Nb3 Nc6 9. Nbxd4 Nxd4 10. Nxd4 a6 11. Bf4 Bd6 12. Nc6 Qc7 13. Qxd6 Qxc6 14. Qxc6+ bxc6 15. Be2 Bb7 16. Rfd1 Nd5 17. Bd6 O-O-O 18. Bc5 Nf4 19. Bf1 Rxd1 20. Rxd1 Rd8 21. Rxd8+ Kxd8 22. g3 Nd5 23. Bd3 g6 24. f4 h5 25. Kf2 Nf6 26. b4 Kc7 27. Ke2 Nd7 28. Be7 Nb6 29. c4 Na4 30. Bc2 Nb2 31. Bb3 a5 32. Bf6 a4 33. Bxb2 axb3 34. axb3 e5 35. Bxe5+ Kb6 36. Bd4+ Kc7 37. Ke3 Bc8 38. Ke4 Bg4 39. Ke5 Kd7 40. Kf6 Be6 41. h3 Bxh3 42. Kxf7 Bf5 43. Kf6 Bc2 44. Bc5 Bd3 45. Ke5 Bc2 46. Kf6 1/2-1/2